MARC details
| 000 -CABECERA |
| campo de control de longitud fija |
01140nam a22003017a 4500 |
| 001 - NÚMERO DE CONTROL |
| campo de control |
BRCA_9201 |
| 003 - IDENTIFICADOR DEL NÚMERO DE CONTROL |
| campo de control |
FranzMayer |
| 005 - FECHA Y HORA DE LA ÚLTIMA TRANSACCIÓN |
| campo de control |
20220809134512.0 |
| 008 - DATOS DE LONGITUD FIJA--INFORMACIÓN GENERAL |
| campo de control de longitud fija |
220712b |||||||| |||| 00| 0 eng d |
| 020 ## - NÚMERO INTERNACIONAL ESTÁNDAR DEL LIBRO |
| Número Internacional Estándar del Libro |
9782376660255 |
| 040 ## - FUENTE DE LA CATALOGACIÓN |
| Lengua de catalogación |
spa |
| Centro/agencia transcriptor |
MFM |
| 041 ## - CÓDIGO DE LENGUA |
| Código de lengua del texto/banda sonora o título independiente |
eng |
| 050 00 - SIGNATURA TOPOGRÁFICA DE LA BIBLIOTECA DEL CONGRESO |
| Número de clasificación |
N6498.S58 |
| Número de documento/Ítem |
D97 2019 |
| 245 00 - MENCIÓN DE TÍTULO |
| Título |
Dysfunctional |
| 260 ## - PUBLICACIÓN, DISTRIBUCIÓN, ETC. |
| Lugar de publicación, distribución, etc. |
París : |
| Nombre del editor, distribuidor, etc. |
Norma, |
| Fecha de publicación, distribución, etc. |
2019 |
| 260 ## - PUBLICACIÓN, DISTRIBUCIÓN, ETC. |
| Lugar de publicación, distribución, etc. |
París : |
| Nombre del editor, distribuidor, etc. |
Carpenters Workshop Gallery, |
| Fecha de publicación, distribución, etc. |
2019 |
| 300 ## - DESCRIPCIÓN FÍSICA |
| Extensión |
160 p. : |
| Otras características físicas |
fot. col. ; |
| Dimensiones |
25.5 x 31 cm. |
| 336 ## - TIPO DE CONTENIDO |
| Término de tipo de contenido |
text |
| Código de tipo de contenido |
txt |
| Fuente |
rdacontent |
| 337 ## - TIPO DE MEDIO |
| Nombre/término del tipo de medio |
unmediated |
| Código del tipo de medio |
n |
| Fuente |
rdamedia |
| 338 ## - TIPO DE SOPORTE |
| Nombre/término del tipo de soporte |
volume |
| Código del tipo de soporte |
nc |
| Fuente |
rdacarrier |
| 500 ## - NOTA GENERAL |
| Nota general |
Ubicación: L59-N5 |
| 500 ## - NOTA GENERAL |
| Nota general |
Catálogo de la exposición "Dysfunctional" en la Galleria Giorgio Franchetti alla Ca' d'Oro, Venecia (7 de mayo - 24 de noviembre, 2019) |
| 520 ## - SUMARIO, ETC. |
| Sumario, etc. |
"Dysfunctional" invita a reconsiderar la relación convencional entre expresiones artísticas y lo funcional. |
| 536 ## - NOTA DE INFORMACIÓN SOBRE LA FINANCIACIÓN |
| Texto de la nota |
Presentado en sociedad con Lombard Odier. |
| 610 ## - PUNTO DE ACCESO ADICIONAL DE MATERIA--NOMBRE DE ENTIDAD CORPORATIVA |
| Nombre de entidad corporativa o nombre de jurisdicción como elemento de entrada |
Galleria Franchetti alla Ca' d'oro (Venice, Italy) |
| Subdivisión de forma |
Catálogo |
| -- |
Exposición |
| Subdivisión general |
Arte |
| -- |
Decoración |
| 9 (RLIN) |
28447 |
| 942 ## - ELEMENTOS DE PUNTO DE ACCESO ADICIONAL (KOHA) |
| Fuente del sistema de clasificación o colocación |
Library of Congress Classification |
| Tipo de ítem Koha |
Libros |